000 00510nam a2200193Ia 4500
005 20010101040150.0
008 131103s9999 xx 000 0 und d
040 _aLoreto College
041 _aEnglish
082 _a891.4309
_bSHA
100 _aSharma,Shivkumar
245 _aHindi Sahitya
_bYug aur Pravittiya
_cShivkumar Sharma
260 _aDelhi
_bAkash Prakashan
_c2006
300 _a728 p.
650 _aHindi Literature
651 _aLiterature,Hindi - History
850 _aLCLIB
942 _cBK
999 _c18091
_d68570